Golden era of hip hop - Statistics

General Stats
  • This quiz has been taken 74 times
  • The average score is 13 of 40
Answer Stats
Hint Answer % Correct
Wicked Ice Cube
75%
Shut em down Public Enemy
72%
Bring da ruckus Wu tang clan
72%
Holler if you hear me Tupac Shakur
70%
Ain't hard to tell NAS
69%
Can I kick it A tribe called quest
64%
Warning Biggie Smalls
61%
How I could just kill a man Cypress hill
61%
Slam Onyx
52%
Flava in Ya Ear Craig Mack
49%
MInd playing tricks on me Geto Boys
46%
Gimme dat nut Eazy E
39%
Just to get a rep Gang starr
39%
Straight from the Sewer Das Efx
33%
Second round KO Canibus
30%
Rebirth of Slick (Cool like that Digable Planets
30%
Free Mumia KRS 1
30%
Drink Away the Pain Mobb Deep
30%
Dream Shatterer Big Punisher
26%
Straight up Menace MC Eith
26%
Renee Lost Boyz
25%
Sugar Hill AZ
23%
Ghetto Bastard Naughty by Nature
23%
The Devil made me do it Paris
23%
Bucktown Smif-n-Wessun
23%
Crossover EPMD
21%
Ruffneck MC Lyte
20%
No Surrender Bone Thugs-n-harmony
18%
The Enemy Big L
16%
Diary of a madman Gravediggaz
16%
Who's the man House of pain
16%
Keep it real Jamal
15%
I'm Kurious Kurious Jorge
15%
Crewz pop Da youngstas
13%
Off the books The Beatnuts
13%
Claimin I'm a criminal Brand Nubian
11%
I get wrecked Tim Dog, KRS 1
11%
Freedom got an AK Dalenchmob
8%
40 below trooper Jungle brothers
7%
Bow wow wow Funkdoobiest
5%
No matching quizzes found
Score Distribution
Percent of People with Each Score
Percentile by Number Answered
Your Score History
You have not taken this quiz